Los límites de la igualdad de oportunidades /
En el artículo se plantea una discusión sobre la igualdad de oportunidades y la igualdad de posiciones (visión de la igualdad de matriz socialdemócrata), se plantea así, que el modelo del liberalismo estadounidense, preocupado menos por reducir las desigualdades que por luchar contra las discriminac...
Guardado en:
| 主要作者: | |
|---|---|
| 格式: | Texto |
| 主題: | |
| 標簽: |
添加標簽
沒有標簽, 成為第一個標記此記錄!
|
MARC
| LEADER | 00000 a a2200000 04500 | ||
|---|---|---|---|
| 001 | 44137 | ||
| 003 | |||
| 040 | |||
| 100 | |a Dubet, François | ||
| 245 | |a Los límites de la igualdad de oportunidades / |c François Dubet | ||
| 520 | |a En el artículo se plantea una discusión sobre la igualdad de oportunidades y la igualdad de posiciones (visión de la igualdad de matriz socialdemócrata), se plantea así, que el modelo del liberalismo estadounidense, preocupado menos por reducir las desigualdades que por luchar contra las discriminaciones, impide transitar por la estructura social en función de méritos personales. | ||
| 590 | |a SJB/NOVIEMBRE2012 | ||
| 650 | |a GUALDAD DE OPORTUNIDADES | ||
| 650 | |a DESIGUALDAD SOCIAL | ||
| 650 | |a JUSTICIA SOCIAL | ||
| 650 | |a ECONOMIA DEL BIENESTAR | ||
| 650 | |a ESTADO DEL BIENESTAR | ||
| 773 | |g número239 ( , 2012), páginas 42-50 | ||
| 999 | |c 31572 |d 31572 | ||
